Common mistakes in English : A guide to better english in clear,simple language

Bibliographic Details
Main Author: Haja Mohideen
Format: Book
Published: Petaling Jaya : Pelanduk Publications (M) Sdn.Bhd. , 1991
Subjects:

MARC

LEADER 00000cam a2200000 7i4500
001 0000004719
002 000005089
005 20000330.0
020 |a 9679783669 
090 0 0 |a 420   |b HAJ 
100 0 |a Haja Mohideen 
245 1 0 |a Common mistakes in English :   |b A guide to better english in clear,simple language   |c Haja Mohideen 
260 |a Petaling Jaya :   |b Pelanduk Publications (M) Sdn.Bhd. ,   |c 1991 
300 |a 149p. ;   |c 18cm. 
650 0 0 |a English language   |x Usage 
999 |a 035377   |b BUKU   |c PINJAMAN   |e PERPUSTAKAAN KOMUNITI PETALING JAYA 
999 |a 042794   |b BUKU   |c PINJAMAN   |e PERPUSTAKAAN KOMUNITI PETALING JAYA